000 00287nam a2200121Ia 4500
008 220204s9999 xx 000 0 und d
082 _a330.115
_bDHR
100 _aDHRYMES, Phoebus J
245 0 _aEconometrics
260 _aSingapore
_bTime
_c1970
650 _aEconometrics
942 _cBK
999 _c23683
_d23683